LEADER 06080nam 2200733 450 001 9910456652903321 005 20200520144314.0 010 $a1-4511-6613-3 035 $a(CKB)2430000000022304 035 $a(EBL)3418567 035 $a(SSID)ssj0000352867 035 $a(PQKBManifestationID)11248612 035 $a(PQKBTitleCode)TC0000352867 035 $a(PQKBWorkID)10285271 035 $a(PQKB)10724021 035 $a(MiAaPQ)EBC3418567 035 $a(MiAaPQ)EBC2032594 035 $a(Au-PeEL)EBL3418567 035 $a(CaPaEBR)ebr10826554 035 $a(OCoLC)923528657 035 $a(Au-PeEL)EBL2032594 035 $a(OCoLC)908076010 035 $a(EXLCZ)992430000000022304 100 $a20140124h20052005 uy 0 101 0 $aeng 135 $aur|n|---||||| 181 $ctxt 182 $cc 183 $acr 200 00$aDevelopmental and behavioral pediatrics $ea handbook for primary care /$fedited by Steven Parker, Barry Zuckerman, and Marilyn Augustyn 205 $aSecond edition. 210 1$aPhiladelphia, Pennsylvania :$cLippincott Williams & Wilkins,$d2005. 210 4$dİ2005 215 $a1 online resource (496 p.) 300 $aDescription based upon print version of record. 311 $a0-7817-1683-7 320 $aIncludes bibliographical references and index. 327 $a""Developmental and Behavioral Pediatrics""; ""Contents""; ""Contributing Authors""; ""Preface from 1st Edition""; ""Preface""; ""I The Fundamentals of Developmental and Behavioral Pediatrics""; ""Talking with Parents""; ""Talking with Children""; ""Teachable Moments in Primary Care""; ""Touchpoints of Anticipatory Guidance in the First Three Years""; ""Difficult Encounters with Parents""; ""Helping Families Deal with Bad News""; ""Promoting Early Literacy""; ""Family Systems""; ""Promoting Parental Self Understanding""; ""Behavioral Screening""; ""Developmental Screening"" 327 $a""Screening for Social and Emotional Delays in Early Childhood""""Behavioral Management: Theory and Practice""; ""Coping with Stressful Transitions""; ""Managing Behavior""; ""Pain""; ""Early Childhood Development in Developing Countries""; ""Self-Regulation Therapy""; ""Psychopharmacology""; ""II Specific Child Problems""; ""Recurrent Abdominal Pain""; ""The Aggressive, Explosive Child""; ""Anorexia Nervosa and Bulimia""; ""Anxiety Disorders""; ""Asperger Syndrome""; ""Attention Deficit Hyperactivity Disorder""; ""Autism""; ""Bad News in the Media""; ""Bipolar Disorder in Children"" 327 $a""Biting Others""""Breath Holding""; ""Bullying""; ""Cerebral Palsy""; ""Chronic Conditions""; ""Colic""; ""Depression""; ""Down Syndrome""; ""The Dysmorphic Child""; ""Encopresis""; ""Enuresis""; ""Failure to Thrive""; ""Fears""; ""Fetal Alcohol Syndrome""; ""Fragile X Syndrome""; ""Gay, Lesbian, & Bisexual Youth""; ""Gender Identity Issues""; ""The Gifted Child""; ""Headaches""; ""Hearing Impairment""; ""Language Delays""; ""Lying, Cheating, & Stealing""; ""Masturbation""; ""Mental Retardation: Behavioral Problems""; ""Mental Retardation: Diagnostic Evaluation""; ""Motor Delays"" 327 $a""Neglect""""Nightmares and Night Terrors""; ""Obesity""; ""Physical Abuse""; ""Picky Eating""; ""Posttraumatic Stress Disorder""; ""PTSD) in Children""; ""Prematurity: Primary Care Follow-up""; ""School Avoidance""; ""School Failure""; ""School Readiness""; ""Selective Mutism""; ""Self-Esteem and Resilience""; ""Sensory Integration Disorder""; ""Sex and the Adolescent""; ""Sexual Abuse""; ""Shyness""; ""Sleep Problems""; ""Speech-Sound Disorders""; ""Stuttering""; ""Substance Abuse in Adolescence""; ""Suicide""; ""Temper Tantrums""; ""Temperamentally Difficult Children""; ""Thumb Sucking"" 327 $a""Tics and Tourette Syndrome""""Toilet Training""; ""Unpopular Children""; ""Violent Youth""; ""Visual Impairment""; ""Witness to Violence""; ""III Family Issues""; ""Adoption""; ""Bereavement and Loss""; ""Child Care""; ""Cultural Competence""; ""Divorce""; ""Dying Children""; ""Foster Care""; ""Gay and Lesbian Parents""; ""Screening for Maternal Depression""; ""Sibling Rivalry""; ""Single Parents""; ""Stepfamilies""; ""Television""; ""Twins""; ""Vulnerable Children""; ""Appendices""; ""Pediatric Symptom Checklist""; ""Child Development in the First Five Years"" 327 $a""Early Language Milestone Scale"" 330 $aThe thoroughly updated Second Edition of this popular handbook provides practical guidance on diagnosing and treating children with developmental and behavioral problems in the primary care setting. New chapters cover pediatric psychopharmacology, sensory integrations disorder, bad news in the media, post-traumatic stress disorder, Asperger syndrome, promoting resilience, the explosive child, family treatment, cultural competence, and bipolar disorder. The authors present current information on common problems such as ADHD, biting, school avoidance, the picky eater, obesity, sleep problems, and colic and on significant developmental disorders such as autistic spectrum disorder, cerebral palsy, and the dysmorphic child. A separate section focuses on screening for developmental and behavioral disorders in primary care. 606 $aBehavior disorders in children$vHandbooks, manuals, etc 606 $aChild development deviations$vHandbooks, manuals, etc 606 $aPediatrics$xPsychological aspects$vHandbooks, manuals, etc 606 $aPrimary care (Medicine)$vHandbooks, manuals, etc 608 $aElectronic books. 615 0$aBehavior disorders in children 615 0$aChild development deviations 615 0$aPediatrics$xPsychological aspects 615 0$aPrimary care (Medicine) 676 $a618.92/89 701 $aParker$b Steven$01040550 701 $aZuckerman$b Barry$01040551 701 $aAugustyn$b Marilyn$01026237 801 0$bMiAaPQ 801 1$bMiAaPQ 801 2$bMiAaPQ 906 $aBOOK 912 $a9910456652903321 996 $aDevelopmental and behavioral pediatrics$92463516 997 $aUNINA LEADER 04846nam 22004935 450 001 9910789221303321 005 20200704095538.0 010 $a1-4615-2375-3 024 7 $a10.1007/978-1-4615-2375-8 035 $a(CKB)3400000000094852 035 $a(SSID)ssj0000806527 035 $a(PQKBManifestationID)11440876 035 $a(PQKBTitleCode)TC0000806527 035 $a(PQKBWorkID)10749594 035 $a(PQKB)11367219 035 $a(DE-He213)978-1-4615-2375-8 035 $a(MiAaPQ)EBC3081641 035 $a(PPN)237924536 035 $a(EXLCZ)993400000000094852 100 $a20121227d1990 u| 0 101 0 $aeng 135 $aurnn|008mamaa 181 $ctxt 182 $cc 183 $acr 200 10$aHandbook of Breadmaking Technology$b[electronic resource] /$fby C. A. Stear 205 $a1st ed. 1990. 210 1$aNew York, NY :$cSpringer US :$cImprint: Springer,$d1990. 215 $a1 online resource (XII, 848 p. 13 illus.) 300 $aBibliographic Level Mode of Issuance: Monograph 311 $a1-85166-394-0 320 $aIncludes bibliographical references and index. 327 $a1. Fundamental Dynamics of the Mixing Process, and Their Implications for Dough Rheological Behaviour, Process Control and Optimization -- 1.1 Theoretical Model to Explain the Doughmaking Process -- 1.2 Application of Fundamental Dough-Mixing Parameters -- 1.3 Fundamental Considerations Concerning Dough Rheological Elements and Dynamic Mixing Parameters -- 1.4 Water-Binding Capacity of Dough Components and Dough Consistency Control -- 1.5 Effects of Dough Additives -- 1.6 Chemical bonding during doughmaking -- 1.7 Typical Formulation and Process Schedules (including Case Studies) for Wheat and Rye Breads employed in Western and Eastern Europe and North America -- 1.8 Measurement and Control Techniques for Raw Materials and Process Variables -- 1.9 Weigher-Mixer Functions and Diverse Types of Mixers and Mixing-Regimes -- 2. Fermentation of Wheat- and Rye-Flour Doughs -- 2.1 Introduction -- 2.2 Industrial Propagation and Production of Yeast for the Baking Industry -- 2.3 Chemical Changes in Yeasted Doughs during Fermentation -- 2.4 Wheat- and Rye-Sours and Sour-Dough Processing -- 2.5 Formulation and Processing Techniques for Specialty-Breads -- 3. The Baking Process -- 3.1 Aims and Requirements of the Baking Process -- 3.2 Elements of the Baking Process and their Control -- 3.3 Energy Sources, Types of Oven and Oven Design -- 3.4 Control Technology and Energy Recovery -- 3.5 Bread Cooling and Setting -- 3.6 Dough and Bread Preservation -- 3.7 A Preview of the 1990s and Changes in Product Demand and Supply -- 4. Notes And References -- 4.1 Notes and References for Part 1 -- 4.2 Notes and References for Part 2 -- 4.3 Notes and References for Part 3. 330 $aThe author's aim in writing this book is to integrate currently available knowledge concerning the basic scientific and technological aspects of breadmaking processes with the diverse breadmaking methods used to manufacture bread in Europe and on the North American continent today. To date, the main technological advances have been in process mechanization, starting with oven development, then dough­ processing or make-up equipment, followed by continuous and batch mixing techniques from the 1950s to the present time. On the engineering side, universal emphasis is now being placed on the application of high technology, in the form of microprocessors, computer-controlled equipment and robotization, the long-term objective being computer integrated manufacture (CIM) with full automation within the large chain bakery groups in the capitalist countries and the state-run collectives of Eastern Europe. The application of these key technologies with biotechnology, as yet only applied to a limited degree in food manufacture, coupled with advances in biochemical and rheological understanding of dough as a biomass for breadmaking, should provide us with more expertise and ability to control the processes with greater efficiency. The application of fermentable substrates and industrial enzymes under strict kinetic control should contribute to improving the flavour characteristics of bread. Current trends towards improving the nutritional contribution of bread to the daily diet are improving the competitive edge of bread as a basic food in the market-place. 606 $aFood?Biotechnology 606 $aFood Science$3https://scigraph.springernature.com/ontologies/product-market-codes/C15001 615 0$aFood?Biotechnology. 615 14$aFood Science. 676 $a664/.7523 700 $aStear$b C. A$4aut$4http://id.loc.gov/vocabulary/relators/aut$077363 906 $aBOOK 912 $a9910789221303321 996 $aHandbook of breadmaking technology$9408859 997 $aUNINA